000 01167nam a2200349 a 4500
001 21138
003 FlNmELB
005 20241216213912.0
006 m o d |
007 cr cn|||||||||
008 201107r2003 cu |||||s|||||||||||spa d
020 _z9789592584211
035 _a(MiAaPQ)EBC3194273
035 _a(Au-PeEL)EBL3194273
035 _a(CaPaEBR)ebr10479465
035 _a(OCoLC)929436193
040 _aFlNmELB
_bspa
_cFlNmELB
050 4 _aQA276.2
_bE793 2003
080 _a519.2
082 0 4 _a519.5
_222
245 0 0 _aEstadística
_h[recurso electronico] /
_cCaridad W. Guerra Bustillo ...[et al].
250 _a1a. ed., 2a. reim.
260 _aCiudad de la Habana :
_bEditorial Félix Varela,
_c2003.
300 _a376 p.
533 _aRecurso electrónico. Santa Fe, Arg.: e-libro, 2015. Disponible vía World Wide Web. El acceso puede estar limitado para las bibliotecas afiliadas a e-libro.
650 0 _aEstadística.
650 0 _aStatistics.
655 4 _aLibros electrónicos.
700 1 _aGuerra Bustillo, Caridad W.
710 2 _ae-libro, Corp.
856 4 0 _uhttps://elibro.net/ereader/politecnicointernacional/71785
999 _c21138
_d21138